| 000 | 00892nas a2200289 4500 | ||
|---|---|---|---|
| 001 | BR0801387 | ||
| 003 | BR-BrBNA | ||
| 005 | 20231205111655.0 | ||
| 007 | ta | ||
| 008 | 230509b bl.|||p| |||| 00| 00por d | ||
| 040 |
_aBR-BrBNA _bpor _cBiblioteca Nacional de Agricultura |
||
| 041 | _a(Pt) | ||
| 072 | _aL20 | ||
| 100 | 1 | _aFaria, V.V. | |
| 100 | 1 | _aNovelli, R. | |
| 100 | 1 | _aGomes, M.P. | |
| 100 | 1 | _aZalmon, I.R. | |
| 245 | 1 | _aPotencial atrator de tubarões costeiros em recife artificial no litoral norte do estado do Rio de Janeiro, Brazil | |
| 650 | _aTUBARÃO | ||
| 650 | _aHABITAT | ||
| 650 | _aECOLOGIA ANIMAL | ||
| 650 | _aDISTRIBUIÇÃO GEOGRÁFICA | ||
| 650 | _aRIO DE JANEIRO | ||
| 773 | 0 |
_tRevista Brasileira de Zoologia (Brazil) _xISSN 0101-8175 _g(Sep 2001), v. 18(3) p. 813-821 _wBR0801387 |
|
| 909 |
_a202311 _bLúcia _c55 _dLúcia Elande |
||
| 942 |
_2AGRIS _n0 _cANA |
||
| 999 |
_c193883 _d193883 |
||